| 000 | 00703nam a2200241 a 4500 | ||
|---|---|---|---|
| 005 | 20210219152941.0 | ||
| 008 | 991125n 000 0 u | ||
| 035 | _aUPN01000068365 | ||
| 100 | _aMosenthal, James H. | ||
| 222 | _aJOURNAL OF READING | ||
| 245 | _aComprehension instruction and teacher training : more than mentioning | ||
| 300 | _a198-207 | ||
| 362 | _a36, No. 3, 1992 | ||
| 505 | _aFebrero 1993 | ||
| 653 | 0 | _aCOMPRENSION LECTORA | |
| 653 | 0 | _aEDUCACION DEL MAESTRO EN CONSERVACION | |
| 653 | 0 | _aESTRATEGIAS DE LECTURA | |
| 653 | 0 | _aINSTRUCCION DE LA LECTURA | |
| 700 | _aSchwartz, Robert M. | ||
| 700 | _aMacIsaac, Douglas | ||
| 904 |
_aAC _b006176 |
||
| 905 | _aArticulo | ||
| 999 |
_c64526 _d64526 |
||